'Jabberwocky' Quiz Stats

 Plays Quiz Updated Mar 12, 2020

     
Support Sporcle.
Go Orange.
Score 0/48 Timer 06:00
0 Plays Today
% Correct
'Beware the ___,Jabberwock
82.8%
'Twas ___,brillig
82.1%
and the ___slithy
73.1%
___ ingimble
69.5%
my ___!son
69.4%
___ Didtoves
69.3%
___ andgyre
68.6%
the ___:wabe
67%
The ___ that bite,jaws
65.6%
All ___mimsy
64.9%
___ in hand:sword
63.5%
raths ___.outgrabe
60.6%
___ bird,Jubjub
59.3%
and the ___mome
59%
___! He tookBandersnatch
58.8%
___ theBeware
58.3%
One, __! One, ___!two
57.7%
his ___vorpal
57.5%
Callooh! ___!Callay
57.3%
The vorpal ___blade
55.7%
the claws that ___!catch
53.1%
and shun the ___frumious
51%
and with its ___head
50.1%
went ___!snicker-snack!
50%
% Correct
___ the Jabberwock?slain
48.9%
And ___ thouhast
48%
in ___.thought
48%
And ___ and ___through
47.7%
The Jabberwock with ___eyes
47.3%
He left it ___,dead
47.3%
were the ___,borogoves
46.4%
O ___ day!frabjous
45.5%
Come to my ___,arms
44.7%
And stood ___awhile
44.2%
thought he ___stood,
43.6%
___ he sought --foe
43.2%
He went ___ back.galumphing
43.1%
of ___, Cameflame
43.1%
in his ___.joy
42.3%
___ tree,Tumtum
42%
So ___ he by therested
41.9%
my ___ boy!beamish
40.8%
He ___chortled
40.3%
And ___ as it came!burbled
35.6%
And, as in ___uffish
33.9%
Long time the ___manxome
32.8%
the __ wood,tulgey
32.4%
___ throughwhiffling
30.6%

From the Vault

Harry Potter Compulsory Class Criteria

by Evreka

We've gotta get back to Hogwarts.
Remove Ads.
Support Sporcle.
Get the best of Sporcle when you Go Orange. This ad-free experience offers more features, more stats, and more fun while also helping to support Sporcle. Thank you for becoming a member.

Show Comments

Extras

Top Quizzes Today


Score Distribution

Your Account Isn't Verified!

In order to create a playlist on Sporcle, you need to verify the email address you used during registration. Go to your Sporcle Settings to finish the process.

Report this User

Report this user for behavior that violates our Community Guidelines.

Details: